Navayuga Bhasha Nigandu Vol 1 (Record no. 10925)

MARC details
000 -LEADER
fixed length control field 00486nam a2200181Ia 4500
003 - CONTROL NUMBER IDENTIFIER
control field OSt
005 - DATE AND TIME OF LATEST TRANSACTION
control field 20221109061829.0
008 - FIXED-LENGTH DATA ELEMENTS--GENERAL INFORMATION
fixed length control field 211109s9999||||xx |||||||||||||| ||und||
040 ## - CATALOGING SOURCE
Transcribing agency SBCL
082 ## - DEWEY DECIMAL CLASSIFICATION NUMBER
Classification number 494.81203
Item number NAR-B
100 ## - MAIN ENTRY--PERSONAL NAME
Personal name Narayana Panicker, R
245 #0 - TITLE STATEMENT
Title Navayuga Bhasha Nigandu Vol 1
260 ## - PUBLICATION, DISTRIBUTION, ETC.
Name of publisher, distributor, etc. Ambikavilasom Book Depo
Place of publication, distribution, etc. Triuvanathapuram
Date of publication, distribution, etc. 1943
300 ## - PHYSICAL DESCRIPTION
Extent 995p.
630 ## - SUBJECT ADDED ENTRY--UNIFORM TITLE
General subdivision Reference Reading Room
650 ## - SUBJECT ADDED ENTRY--TOPICAL TERM
Topical term or geographic name entry element Languages
942 ## - ADDED ENTRY ELEMENTS (KOHA)
Koha item type BOOK
650 ## - SUBJECT ADDED ENTRY--TOPICAL TERM
Form subdivision Dictionary
General subdivision Generalia
Holdings
Withdrawn status Lost status Source of classification or shelving scheme Damaged status Not for loan Home library Current library Date acquired Cost, normal purchase price Total Checkouts Full call number Barcode Shelving location Date last seen Price effective from Koha item type
    Dewey Decimal Classification     SB LIBRARY SB LIBRARY 09/11/2021 100.00   494.81203 NAR-B 00011478 REFERENCE READING ROOM 09/11/2021 09/11/2021 BOOK

Powered by Koha